00410nam a22001337a 4500008004100000020001500041040001500056050001900071100002200090245009600112260003100208300001400239650002300253160317b xxu||||| |||| 00| 0 eng d a0452297081 aKABUcKABU aMT6b.G74 2011 aGreenberg, Robert aHow to listen to great musicba giude to its history culture and heartcby Robert Greenberg aU.S.Abpenguin groupc2011 aix, 334p. amusic appreciation